Womanpower and health care / (Record no. 5789)

MARC details
000 -LEADER
fixed length control field 00899cam a2200301 i 4500
001 - CONTROL NUMBER
control field 2217809
003 - CONTROL NUMBER IDENTIFIER
control field OSt
005 - DATE AND TIME OF LATEST TRANSACTION
control field 20170404164615.0
008 - FIXED-LENGTH DATA ELEMENTS--GENERAL INFORMATION
fixed length control field 761029s1976 mau b 001 0 eng
010 ## - LIBRARY OF CONGRESS CONTROL NUMBER
LC control number 75041571
020 ## - INTERNATIONAL STANDARD BOOK NUMBER
International Standard Book Number 0316328952
040 ## - CATALOGING SOURCE
Original cataloging agency DLC
Transcribing agency DLC
Modifying agency DLC
050 00 - LIBRARY OF CONGRESS CALL NUMBER
Classification number RT86.5
Item number .G74
082 ## - DEWEY DECIMAL CLASSIFICATION NUMBER
Classification number WY 195
Item number G889w 1976
100 1# - MAIN ENTRY--PERSONAL NAME
Personal name Grissum, Marlene.
9 (RLIN) 12022
245 10 - TITLE STATEMENT
Title Womanpower and health care /
Statement of responsibility, etc. Marlene Grissum, Carol Spengler.
250 ## - EDITION STATEMENT
Edition statement 1st ed.
260 ## - PUBLICATION, DISTRIBUTION, ETC. (IMPRINT)
Place of publication, distribution, etc. Boston :
Name of publisher, distributor, etc. Little, Brown,
Date of publication, distribution, etc. 1976.
300 ## - PHYSICAL DESCRIPTION
Extent xv, 314 p. ;
Dimensions 21 cm.
504 ## - BIBLIOGRAPHY, ETC. NOTE
Bibliography, etc Includes bibliographical references and index.
650 #0 - SUBJECT ADDED ENTRY--TOPICAL TERM
Topical term or geographic name as entry element Nursing
General subdivision Social aspects.
9 (RLIN) 12023
650 #0 - SUBJECT ADDED ENTRY--TOPICAL TERM
Topical term or geographic name as entry element Nurses.
9 (RLIN) 1793
650 #0 - SUBJECT ADDED ENTRY--TOPICAL TERM
Topical term or geographic name as entry element Feminism.
9 (RLIN) 8182
650 #0 - SUBJECT ADDED ENTRY--TOPICAL TERM
Topical term or geographic name as entry element Sex role.
9 (RLIN) 6967
700 1# - ADDED ENTRY--PERSONAL NAME
Personal name Spengler, Carol Dawn,
Relator term joint author.
9 (RLIN) 12024
906 ## - LOCAL DATA ELEMENT F, LDF (RLIN)
a 7
b cbc
c orignew
d 2
e ocip
f 19
g y-gencatlg
942 ## - ADDED ENTRY ELEMENTS (KOHA)
Source of classification or shelving scheme Other/Generic Classification Scheme
Koha item type Open Shelf
Holdings
Withdrawn status Lost status Source of classification or shelving scheme Damaged status Not for loan Home library Current library Date acquired Source of acquisition Inventory number Total Checkouts Full call number Barcode Date last seen Price effective from Koha item type
    Other/Generic Classification Scheme     MUST Main Library MUST Main Library 04/04/2017   200   WY 195 G889w 1976 2017-0715 04/04/2017 04/04/2017 Open Shelf
    Other/Generic Classification Scheme     MUST Main Library MUST Main Library 04/04/2017   201   WY 195 G889w 1976 2017-0716 04/04/2017 04/04/2017 Open Shelf
    Other/Generic Classification Scheme     MUST Main Library MUST Main Library 05/04/2017   203   WY 195 G889w 1976 2017-0756 05/04/2017 05/04/2017 Open Shelf